History of the World (Record no. 1022)

MARC details
000 -LEADER
fixed length control field 00362nam a22001457a 4500
003 - CONTROL NUMBER IDENTIFIER
control field OSt
005 - DATE AND TIME OF LATEST TRANSACTION
control field 20160727222420.0
008 - FIXED-LENGTH DATA ELEMENTS--GENERAL INFORMATION
fixed length control field 160627b xxu||||| |||| 00| 0 eng d
040 ## - CATALOGING SOURCE
Transcribing agency TEST
100 ## - MAIN ENTRY--PERSONAL NAME
9 (RLIN) 1248
Personal name Magnusson, M
245 ## - TITLE STATEMENT
Title History of the World
260 ## - PUBLICATION, DISTRIBUTION, ETC. (IMPRINT)
Place of publication, distribution, etc. BOMBAY
Name of publisher, distributor, etc. RAJENDRA PUBLICATION HOUSE
Date of publication, distribution, etc. 1992
300 ## - PHYSICAL DESCRIPTION
Extent History of the World
942 ## - ADDED ENTRY ELEMENTS (KOHA)
Source of classification or shelving scheme Dewey Decimal Classification
Koha item type BOOK
Holdings
Withdrawn status Lost status Source of classification or shelving scheme Damaged status Not for loan Home library Current library Shelving location Date acquired Total Checkouts Full call number Barcode Date last seen Price effective from Koha item type
    Dewey Decimal Classification     Good Samaritan School Library Good Samaritan School Library History 06/27/2016   MAG909 D-4 MAG1676 06/27/2016 06/27/2016 Reference

Powered by Koha